Statistics for 両隣が終点の鉄道駅

Click here to take the quiz!

General Stats

  • This quiz has been taken 49 times
    (46 since last reset)
  • The average score is 8 of 22

Answer Stats

Answer% Correct
柴又
55%
恩田
55%
りんくうタウン
53%
りんくうタウン
53%
苦楽園口
48%
新桜台
45%
柏原南口
43%
下山口
43%
入地
40%
伽羅橋
40%
りんくう常滑
38%
服部川
35%
西武園ゆうえんち
35%
神宮丸太町
30%
近鉄日本橋
30%
スクリーン
28%
西鉄五条
28%
新綱島
28%
羽沢横浜国大
25%
富士急ハイランド
8%
黒髪町
8%
奥津軽いまべつ
0%

Score Distribution

Percentile by Number Answered

Percent of People with Each Score

Your Score History

You have not taken this quiz since the last reset